000
00333nam a2200145Ia 4500
008
150301s2015 xx 000 0 und d
082
_a
615
_b
P14T
100
_a
TRIPATH, KD
245
_a
PHARMACOLOGY CLASSIFICATION OF DRUGS
250
_a
5TH
260
_b
JAYPEE
300
_a
234
650
_a
PHARMACEUTICS
942
_2
ddc
_c
BK
_0
2
999
_c
7330
_d
7330